000 00765nas a2200265 4500
001 BR9510644
003 BR-BrBNA
005 20231205095555.0
007 ta
008 230509b bl.|||p| |||| 00| 00por d
040 _aBR-BrBNA
_bpor
_cBiblioteca Nacional de Agricultura
041 _a(Pt)
072 _aF01
100 1 _aFukusima-Hein, Y.K.
100 1 _aCortopassi-Laurino, M.
100 1 _aImperatriz-Fonseca, V.L.
100 1 _aKleinert-Giovannini, A.
245 1 _aComo conhecer plantas apicolas
650 _aPlanta Melifera
650 _aNectar
650 _aPolen
773 0 _tApicultura no Brasil (Brazil)
_xISSN 0102-3659
_g(Jan-Fev 1986), v. 2(12) p. 34-38
_wBR9510644
909 _a202311
_bLúcia
_c55
_dLúcia Elande
942 _2AGRIS
_n0
_cANA
999 _c151452
_d151452